Systema Physicvm, Septem Libris Adornatvm Et Anno Christi MDCVII. publice propositum In Gymnasio Dantiscano

Bibliographic Details
Main Author: Keckermann, Bartłomiej, 1571-1609 (Author)
Corporate Author: Stöckle, Johann (Hanau, Nemecko) (Printer)
Format: Book
Language:Latin
PhysicalDescription:[14], 854 strán 18 cm
Published: Hanoviae Excudebat Petrvs Antonivs MDCXXIII [=1623]
Subjects:

MARC

LEADER 00000nam a2200000 a 4500
001 vtls011837922
003 SK-MaSNL
005 20260301052223.0
008 251112s1623 gw 001 0 lat
015 |a SNBHFA1623 
040 |a SNKHF  |b slo  |c SNK  |e AACR2 
041 0 |a lat 
044 |a gw  |c DE 
072 7 |a 2  |x Náboženstvo  |2 konspekt 
072 7 |a 27  |x Kresťanstvo. Kresťanská cirkev všeobecne. Ekleziológia  |2 konspekt 
080 |a 21/29-1/-9  |2 2011 
080 |a 27  |2 2011 
080 |a 2-1  |2 2011 
100 1 |a Keckermann, Bartłomiej,  |d 1571-1609  |4 aut  |9 360707 
245 1 0 |a Systema Physicvm, Septem Libris Adornatvm  |b Et Anno Christi MDCVII. publice propositum In Gymnasio Dantiscano  |c Bartholomaeo Keckermanno Ss. Theologiae Licentiatio 
260 |a Hanoviae  |b Excudebat Petrvs Antonivs  |c MDCXXIII [=1623]  |f Impensis Ioannis Stockelii 
300 |a [14], 854 strán  |c 18 cm 
500 |a Signet tlačiara na titulnom liste, iniciálky s ornamentálnym pozadím na 3-8 r., iniciálky bez pozadia na 2-3 r., živé záhlavie, typografické linky 
546 |a Latinčina  |b Antikva  |b Kurzíva 
561 |a Z knižnice Učenej spoločnosti malohontskej.  |5 SNK ID 101670 
650 0 7 |a teológia  |2 SNKPH  |9 1814 
710 2 |a Učená spoločnosť malohontská  |4 fmo  |9 205374 
710 0 |a Antonius, Peter (Hanau, Nemecko),  |d 1615-1624  |4 pbl  |9 360708 
710 0 |a Stöckle, Johann (Hanau, Nemecko)  |4 prt  |9 360709 
752 |a Nemecko  |d Hanau 
852 |a snk  |b Historické fondy  |p ID 101670 
999 |c 605313  |d 607243 
952 |t MHC IX.C.a.14  |a SNK  |b SNK  |c SNK_HF  |y PREZ  |7 0  |p 17A1302280  |o snkID 101670  |i snk2019/2682  |8 5  |0 0  |1 0  |4 0  |d 2019-01-30  |l 0  |r 2026-02-23 16:06:48  |w 2026-02-23